000 00859nam a2200217 i 4500
001 bg
100 1 _aMELOCH, Henryk
245 0 _aPłuczki iniekcyjne do oczyszczania gazów odlotowych :
_bpodstawy działania /
_cHenryk Meloch.
260 _aWrocław :
_bWydaw. PW,
_c1991.
300 _a156 s. :
_brys. wykr. ;
_c24 cm.
490 1 _aPrace Naukowe Instytutu Inżynierii Ochrony Środowiska Politechniki Wrocławskiej. Monografie,
_v34
500 _aSer. gł. : 0084-2869 ; 66.
504 _aBibliogr. s. 136-152.
710 _aPolitechnika Wrocławska (Wrocław)
_bInstytut Inżynierii Ochrony Środowiska
830 0 _aPrace Naukowe Instytutu Inżynierii Ochrony Środowiska Politechniki Wrocławskiej.
_pMonografie ;
_v34
040 _cBPK
041 _apol
080 _a628.5:621.647.7
942 _cKS
008 s pl f |000 0 pol
999 _c30101
_d30101
856 _uhttp://koha.tu.koszalin.pl/cgi-bin/koha/opac-detail.pl?biblionumber=30101
_yKatalog online BPK